20 acides carboxyliques - Statistiques

Statistiques générales
  • Ce quiz a été pris 10 fois
  • Le résultat moyen est 4 sur 20
Statistiques - réponses
Structure Nom commun % Correct
acide acétique
89%
acide formique
56%
acide butyrique
44%
acide propionique
44%
acide caproïque
22%
acide palmitique
22%
acide valérique
22%
acide arachidique
11%
acide caprique
11%
acide caprylique
11%
acide énanthique
11%
acide laurique
11%
acide margarique
11%
acide myristique
11%
acide nonadécylique
11%
acide pélargonique
11%
acide pentadécylique
11%
acide stéarique
11%
acide tridécylique
11%
acide undécylique
11%
Aucun quiz correspondant
Distribution des résultats
% des personnes avec chaque résultat
Percentile par nombre de réponses
Votre historique - résultats
Vous n’avez pas pris ce quiz